The theory of idle resources /

Bibliographic Details
Main Author: Hutt, W. H. (William Harold), 1899-1988
Format: Book
Language:English
Published: London : J. Cape, [1939]
Subjects:

MARC

Tag First Indicator Second Indicator Subfields
LEADER 00000cam a2200000 4500
001 in00000058156
005 20151008051508.0
008 760304s1939 enka 00010 engm
010 |a  40012681  
035 |a (OCoLC)02030961 
035 |9 AAG8265AM 
040 |a DLC  |c CIN  |d CIN  |d TXA  |d UtOrBLW 
049 |a TXAM  |c [170313] 
050 0 |a HB199  |b .H73 
082 0 |a 330.1 
092 |a 330.1  |b K443hu 
100 1 |a Hutt, W. H.  |q (William Harold),  |d 1899-1988. 
245 1 4 |a The theory of idle resources /  |c by W. H. Hutt. 
264 1 |a London :  |b J. Cape,  |c [1939] 
300 |a 193 pages :  |b illustrations ;  |c 21 cm. 
336 |a text  |b txt  |2 rdacontent 
337 |a unmediated  |b n  |2 rdamedia 
338 |a volume  |b nc  |2 rdacarrier 
500 |a Includes a discussion of The general theory of employment, interestand money, by J. M. Keynes. 
600 1 0 |a Keynes, John Maynard,  |d 1883-1946.  |t General theory of employment, interest and money. 
650 0 |a Economics. 
650 0 |a Unemployed. 
740 0 |a Idle resources, The theory of. 
999 |a MARS 
999 f f |s b2c2f7d2-80df-35d3-9d9d-83e8f748084f  |i 0e0e8fd0-cd1f-3b1c-a258-52f37e8307a6  |t 0 
952 f f |p ric  |a Texas A&M University  |b Rellis Campus  |c Joint Library Facility  |d Remote Storage  |t 0  |e HB199 .H73  |h Library of Congress classification  |i unmediated -- volume  |m A14800690331 
998 f f |a HB199 .H73  |t 0  |l Remote Storage